| 000 | 00920cam a2200289 a 4500 | ||
|---|---|---|---|
| 001 | 16959 | ||
| 003 | BD-RjUL | ||
| 005 | 20211209000054.0 | ||
| 008 | 140215s1999 flua bf 001 0 eng d | ||
| 020 | _a8172730047 | ||
| 035 |
_a(DLC) 98037122 _a(BD-RjUL)17015 |
||
| 040 |
_aDLC _cDLC _dBD-RjUL _beng |
||
| 041 | _aeng | ||
| 082 | 0 | 0 |
_a658.0558 _221 _bTUH 1999 |
| 100 |
_aTukral, Sumit K _952333 |
||
| 245 | 0 | 0 |
_aHandbook of information security management / _c. |
| 260 |
_aDelhi : _bAuerbach, _cc1999. |
||
| 300 |
_avi, 225 p. : _bill. ; _c24 cm. |
||
| 504 | _aIncludes bibliographical references and index. | ||
| 650 | 0 |
_aComputer security _xManagement _xHandbooks, manuals, etc. _952334 |
|
| 650 | 0 |
_aData protection _xHandbooks, manuals, etc. _952335 |
|
| 700 | 1 |
_aNozaki, Micki Krause. _952336 |
|
| 700 | 1 |
_aTipton, Harold F. _952337 |
|
| 942 |
_2ddc _cBK |
||
| 999 |
_c16959 _d16959 |
||